[Event "21. Copenhagen Open  (Politiken Cup)"]
[Site "Copenhagen"]
[Date "1999.07.08"]
[Round "6"]
[White "Haagen Larsen, Hans"]
[Black "Jensen, Henrik W"]
[Result "0-1"]
[WhiteElo "1612"]
[BlackElo "2098"]
[PlyCount "52"]
[EventDate "1999.07.03"]
[EventType "swiss"]
[EventRounds "11"]
[EventCountry "DEN"]
[SourceDate "2004.01.01"]

1. d4 Nf6 2. Nf3 e6 3. Bf4 b6 4. Nbd2 Bb7 5. e3 d5 6. Bd3 Nbd7 7. c3 Be7 8. h3
Ne4 9. a4 a5 10. O-O O-O 11. Qc2 f5 12. Rfb1 c5 13. c4 Rc8 14. Bxe4 fxe4 15.
Ne5 cxd4 16. exd4 Rxf4 17. g3 Rf8 18. Nxd7 Qxd7 19. Qb3 Bb4 20. Rd1 Bxd2 21.
Rxd2 dxc4 22. Qxb6 Qd5 23. f4 e3 24. Rh2 Rf6 25. Ra3 Qf3 26. Rxe3 Qxe3+ 0-1

[Event "21. Copenhagen Open  (Politiken Cup)"]
[Site "Copenhagen"]
[Date "1999.07.08"]
[Round "6"]
[White "Larsen, Karsten"]
[Black "Preuss, Flemming"]
[Result "1-0"]
[WhiteElo "2281"]
[BlackElo "2078"]
[PlyCount "61"]
[EventDate "1999.07.03"]
[EventType "swiss"]
[EventRounds "11"]
[EventCountry "DEN"]
[SourceDate "2004.01.01"]

1. e4 c6 2. d4 d5 3. e5 Bf5 4. c4 dxc4 5. Bxc4 e6 6. Ne2 Ne7 7. Nbc3 Nd7 8. Ng3
Nb6 9. Bb3 Qd7 10. O-O Rd8 11. Be3 Bg6 12. Qf3 Ned5 13. Nh5 Bxh5 14. Qxh5 g6
15. Qh4 h6 16. Ne4 Be7 17. Qh3 h5 18. Qf3 Kf8 19. Ng5 Bxg5 20. Bxg5 Re8 21.
Rad1 Kg7 22. Rfe1 Rc8 23. h3 Rh7 24. Rd2 Rhh8 25. Rc1 Rhe8 26. Rdd1 Rf8 27. Re1
Rce8 28. Rcd1 Kh7 29. g4 hxg4 30. hxg4 Rh8 31. Kg2 1-0

[Event "21. Copenhagen Open  (Politiken Cup)"]
[Site "Copenhagen"]
[Date "1999.07.08"]
[Round "6"]
[White "Larsen, Vagn"]
[Black "Grigorian, Anusit"]
[Result "0-1"]
[WhiteElo "1465"]
[BlackElo "2000"]
[PlyCount "76"]
[EventDate "1999.07.03"]
[EventType "swiss"]
[EventRounds "11"]
[EventCountry "DEN"]
[SourceDate "2004.01.01"]

1. e4 e5 2. Nf3 Nc6 3. Bb5 f5 4. exf5 e4 5. Bxc6 dxc6 6. Ne5 Nf6 7. Nc3 Qd4 8.
Ng4 Bxf5 9. Nxf6+ gxf6 10. Qh5+ Bg6 11. Qh4 Be7 12. d3 f5 13. Qf4 O-O-O 14. Be3
Qd6 15. Qxd6 Bxd6 16. O-O-O exd3 17. Bg5 Rde8 18. Rxd3 f4 19. Rd4 Be5 20. Rc4
Bf7 21. Re4 Bxc3 22. Rxe8+ Rxe8 23. bxc3 Bxa2 24. Bxf4 Bd5 25. Rg1 Re4 26. g3
Re2 27. Be3 Be4 28. Bd4 Rxc2+ 29. Kd1 c5 30. Bxc5 Rxc3 31. Be3 a5 32. Bd2 Bf3+
33. Ke1 Rd3 34. g4 a4 35. Rg3 a3 36. Rxf3 Rxf3 37. Ke2 a2 38. Bc1 a1=Q 0-1

[Event "21. Copenhagen Open  (Politiken Cup)"]
[Site "Copenhagen"]
[Date "1999.07.08"]
[Round "6"]
[White "Larusdottir, Aldis Run"]
[Black "Dongart, Dennis"]
[Result "0-1"]
[WhiteElo "1350"]
[BlackElo "2095"]
[PlyCount "168"]
[EventDate "1999.07.03"]
[EventType "swiss"]
[EventRounds "11"]
[EventCountry "DEN"]
[SourceDate "2004.01.01"]

1. d4 Nf6 2. c4 g6 3. Nc3 d5 4. e3 Bg7 5. Qb3 dxc4 6. Bxc4 O-O 7. Nf3 c5 8.
dxc5 Qa5 9. Qb5 Qc7 10. Nd5 Nxd5 11. Bxd5 Rd8 12. e4 e6 13. Bc4 Bd7 14. Qb4 Nc6
15. Qa3 Nd4 16. Nxd4 Bxd4 17. Be3 Qe5 18. Bxd4 Qxd4 19. Be2 Qxe4 20. f3 Qe5 21.
Qb4 Rac8 22. Rc1 b6 23. Rc2 Rxc5 24. Rxc5 bxc5 25. Qd2 Qd5 26. Qa5 Rb8 27. b3
Qe5 28. Kf2 Qd4+ 29. Kg3 Qe5+ 30. Kf2 Qd4+ 31. Kg3 g5 32. h3 Qf4+ 33. Kf2 Qd4+
34. Kg3 Bc6 35. Rd1 Qf4+ 36. Kf2 Bd5 37. Qxc5 Qh4+ 38. Kf1 Qf4 39. Qxa7 Ra8 40.
Qd4 Qxd4 41. Rxd4 Rxa2 42. Bc4 Bxc4+ 43. Rxc4 Rb2 44. b4 Kg7 45. Kg1 Kg6 46.
Kh2 h5 47. Rd4 f5 48. h4 g4 49. Kg3 e5 50. Rd6+ Kf7 51. fxg4 hxg4 52. h5 Rxb4
53. h6 Rb8 54. Rd7+ Kg6 55. Rd6+ Kg5 56. Rd5 e4 57. h7 Rh8 58. Rd7 f4+ 59. Kf2
Kg6 60. Rd4 Kf5 61. Rd5+ Kg6 62. Rd4 Rxh7 63. Rxe4 Kf5 64. Rc4 Rd7 65. Ke2 Ra7
66. Rc5+ Ke4 67. Rc4+ Ke5 68. g3 f3+ 69. Kf2 Ra2+ 70. Kf1 Kf5 71. Rf4+ Kg5 72.
Rb4 Rg2 73. Rb5+ Kf6 74. Rb6+ Ke5 75. Rb3 Rxg3 76. Kf2 Rg2+ 77. Kf1 Kf4 78.
Rb4+ Kg3 79. Rb3 Ra2 80. Rb1 Rf2+ 81. Kg1 Ra2 82. Rc1 Ra3 83. Rb1 Re3 84. Kf1
f2 0-1

[Event "21. Copenhagen Open  (Politiken Cup)"]
[Site "Copenhagen"]
[Date "1999.07.08"]
[Round "6"]
[White "Maarup, Michael"]
[Black "Birgisdottir, Ingibjorg Edda"]
[Result "1-0"]
[WhiteElo "2184"]
[BlackElo "1295"]
[PlyCount "81"]
[EventDate "1999.07.03"]
[EventType "swiss"]
[EventRounds "11"]
[EventCountry "DEN"]
[SourceDate "2004.01.01"]

1. d4 d5 2. c4 c6 3. Nc3 Nf6 4. Nf3 dxc4 5. a4 Bf5 6. e3 Nbd7 7. Bxc4 e6 8. O-O
Bb4 9. Qb3 a5 10. Nh4 Bg6 11. f3 Nb6 12. Be2 Nfd5 13. g3 Nd7 14. Rd1 Qb6 15.
Bd2 Bxc3 16. Qxb6 N7xb6 17. bxc3 Nd7 18. e4 Ne7 19. Rab1 b6 20. Bf4 Rc8 21. Bd6
f6 22. Ng2 Kf7 23. Ne3 f5 24. Bd3 Rhd8 25. Ba6 Ra8 26. Bb7 Ra7 27. Bxe7 Kxe7
28. Bxc6 Rb8 29. exf5 exf5 30. Rb5 Ke6 31. Re1 Kd6 32. Bxd7 Rxd7 33. c4 Kc7 34.
Nd5+ Kc6 35. Re6+ Rd6 36. Re7 Rd7 37. Rxd7 Kxd7 38. Nxb6+ Kc6 39. d5+ Kc7 40.
c5 Be8 41. Rxa5 1-0

[Event "21. Copenhagen Open  (Politiken Cup)"]
[Site "Copenhagen"]
[Date "1999.07.08"]
[Round "6"]
[White "Madhy, Nezar"]
[Black "Rasmussen, Poul"]
[Result "1-0"]
[WhiteElo "1689"]
[BlackElo "1581"]
[PlyCount "117"]
[EventDate "1999.07.03"]
[EventType "swiss"]
[EventRounds "11"]
[EventCountry "DEN"]
[SourceDate "2004.01.01"]

1. d4 d5 2. c4 e6 3. Nf3 Nf6 4. g3 g6 5. Bg2 Bg7 6. Nc3 O-O 7. Bg5 c6 8. cxd5
exd5 9. Qd2 Qa5 10. O-O Nbd7 11. a3 Qd8 12. Ne5 Re8 13. Ng4 Nf8 14. Nh6+ Bxh6
15. Bxh6 Ne6 16. h3 Nh5 17. Kh2 Qf6 18. Be3 Nhg7 19. g4 Bd7 20. f4 Nf8 21. Bf2
h5 22. g5 Qf5 23. Rad1 Re4 24. Nxe4 dxe4 25. Rc1 Be6 26. h4 Qg4 27. Rc3 Nf5 28.
Bh3 e3 29. Bxg4 exd2 30. Bxf5 Bxf5 31. Rd1 Ne6 32. e3 Nc7 33. Rxd2 Nd5 34. Rc1
Re8 35. Re1 Be4 36. Rdd1 f6 37. Kg3 Kf7 38. Rc1 Ne7 39. Rc3 Nf5+ 40. Kh2 Ne7
41. a4 Nd5 42. Rb3 b6 43. Rc1 Rc8 44. Be1 Ke6 45. a5 fxg5 46. axb6 axb6 47.
hxg5 Kd7 48. Ra1 b5 49. Ra7+ Ke6 50. Bd2 Nb6 51. Bb4 Nc4 52. Re7+ Kd5 53. Rc3
c5 54. Bxc5 Nd2 55. Re5+ Kc6 56. Bb4+ Kd7 57. Re7+ Kd8 58. Rxc8+ Kxc8 59. Bxd2
1-0

[Event "21. Copenhagen Open  (Politiken Cup)"]
[Site "Copenhagen"]
[Date "1999.07.08"]
[Round "6"]
[White "Mah, Karl"]
[Black "Adamski, Jan"]
[Result "1-0"]
[WhiteElo "2316"]
[BlackElo "2418"]
[PlyCount "61"]
[EventDate "1999.07.03"]
[EventType "swiss"]
[EventRounds "11"]
[EventCountry "DEN"]
[SourceDate "2004.01.01"]

1. e4 c5 2. Nf3 e6 3. b3 b6 4. Bb2 Bb7 5. Qe2 d6 6. g3 Nf6 7. d3 Be7 8. Bg2 O-O
9. O-O Nc6 10. Nbd2 Rc8 11. c3 Nd7 12. Rfe1 Bf6 13. Nc4 Qc7 14. Ne3 g6 15. h4
Bg7 16. h5 Rce8 17. Ng5 Qd8 18. f4 b5 19. hxg6 fxg6 20. Bh3 Qf6 21. Bxe6+ Rxe6
22. Nd5 Qxg5 23. fxg5 Nce5 24. Nf4 Ree8 25. d4 cxd4 26. cxd4 Nc6 27. Qxb5 Nxd4
28. Qxb7 Nf3+ 29. Kf2 Nxe1 30. Rxe1 Bxb2 31. Qxd7 1-0

[Event "21. Copenhagen Open  (Politiken Cup)"]
[Site "Copenhagen"]
[Date "1999.07.08"]
[Round "6"]
[White "Manley, Christian"]
[Black "Maechel, Michael"]
[Result "0-1"]
[WhiteElo "1086"]
[BlackElo "1611"]
[PlyCount "36"]
[EventDate "1999.07.03"]
[EventType "swiss"]
[EventRounds "11"]
[EventCountry "DEN"]
[SourceDate "2004.01.01"]

1. c4 e5 2. Nc3 Nf6 3. e4 Bb4 4. Nf3 Bxc3 5. bxc3 d6 6. g3 Nxe4 7. Qa4+ Bd7 8.
Qb4 Bc6 9. d3 Na6 10. Qb2 Nxc3 11. Qxc3 Bxf3 12. Rg1 Nc5 13. d4 e4 14. dxc5
dxc5 15. Ba3 Qd6 16. Qxg7 O-O-O 17. Be2 Qd2+ 18. Kf1 Qxe2# 0-1

[Event "21. Copenhagen Open  (Politiken Cup)"]
[Site "Copenhagen"]
[Date "1999.07.08"]
[Round "6"]
[White "Mashiri, Artur"]
[Black "Hvenekilde, Jorgen"]
[Result "0-1"]
[WhiteElo "2073"]
[BlackElo "2239"]
[PlyCount "79"]
[EventDate "1999.07.03"]
[EventType "swiss"]
[EventRounds "11"]
[EventCountry "DEN"]
[SourceDate "2004.01.01"]

1. f4 d5 2. Nf3 e6 3. e3 Bd6 4. b3 Ne7 5. Bb2 f6 6. c4 c6 7. Qc2 Nd7 8. Nd4 Nf8
9. c5 Bc7 10. Nf3 Nfg6 11. h4 h5 12. Bd3 Nf5 13. Bxf5 exf5 14. O-O Kf7 15. Na3
Re8 16. Rae1 Ne7 17. Nd4 Qd7 18. Qd1 g6 19. b4 b6 20. Nb3 a5 21. bxa5 bxa5 22.
Qa1 Ng8 23. Bd4 Ba6 24. Rf2 a4 25. Nc1 Reb8 26. d3 Bd8 27. e4 fxe4 28. f5 gxf5
29. dxe4 fxe4 30. Qc3 Rb7 31. Qe3 Qg4 32. Rf4 Qg6 33. Qh3 Nh6 34. Ne2 Bxe2 35.
Rxe2 Ng4 36. Qc3 Kg8 37. Rf1 Rab8 38. Qc2 f5 39. Qxa4 Bxh4 40. Qd1 {time} 0-1

[Event "21. Copenhagen Open  (Politiken Cup)"]
[Site "Copenhagen"]
[Date "1999.07.08"]
[Round "6"]
[White "Mathiesen, Erik"]
[Black "Ingolfsdottir, Harpa"]
[Result "1-0"]
[WhiteElo "1891"]
[BlackElo "1495"]
[PlyCount "73"]
[EventDate "1999.07.03"]
[EventType "swiss"]
[EventRounds "11"]
[EventCountry "DEN"]
[SourceDate "2004.01.01"]

1. e4 e6 2. d4 d5 3. exd5 exd5 4. Nf3 Nf6 5. Bd3 Nc6 6. O-O Bg4 7. c3 Bd6 8.
Re1+ Ne7 9. h3 Bh5 10. Bg5 Qd7 11. g4 Nxg4 12. Bxe7 Bxe7 13. Qe2 Nh6 14. Nbd2
Ng8 15. Qe5 Nf6 16. Nh4 Bg6 17. Bf5 Qd8 18. c4 Kf8 19. c5 c6 20. Nhf3 Nd7 21.
Qf4 Bxf5 22. Qxf5 Qc7 23. Re2 Re8 24. Rae1 Nf6 25. Nh2 g6 26. Qf3 Kg7 27. Ng4
Qd7 28. Ne5 Qd8 29. Nf1 Ne4 30. Qxf7+ Kh6 31. Ng4+ Kh5 32. Ng3+ Nxg3 33. fxg3
Qb8 34. Re5+ Bg5 35. Nf6+ Kh6 36. Nxe8 Bd2 37. Qg7# 1-0

[Event "21. Copenhagen Open  (Politiken Cup)"]
[Site "Copenhagen"]
[Date "1999.07.08"]
[Round "6"]
[White "Mortensen, Erling"]
[Black "Matthiesen, Martin"]
[Result "1-0"]
[WhiteElo "2445"]
[BlackElo "2322"]
[PlyCount "107"]
[EventDate "1999.07.03"]
[EventType "swiss"]
[EventRounds "11"]
[EventCountry "DEN"]
[SourceDate "2004.01.01"]

1. e4 c5 2. Nf3 d6 3. d4 cxd4 4. Nxd4 Nf6 5. Nc3 Nc6 6. Bc4 Qb6 7. Nb3 e6 8.
Be3 Qc7 9. f4 Be7 10. Bd3 a6 11. Qf3 Bd7 12. O-O Nb4 13. Rac1 O-O 14. g4 Bc6
15. g5 Nd7 16. Nd4 Rfe8 17. Be2 a5 18. a3 Na6 19. Rcd1 Bf8 20. Ndb5 Qb8 21. Qf2
Nac5 22. Bf3 Na4 23. Bc1 Nxc3 24. Nxc3 b5 25. Ne2 Qb7 26. Ng3 Nc5 27. Qg2 b4
28. axb4 axb4 29. b3 Ra2 30. Rf2 d5 31. e5 Ra1 32. Qf1 Rc8 33. Be3 Ra2 34. Rfd2
Qa8 35. Qf2 Ra5 36. Bd4 Ne4 37. Bxe4 dxe4 38. Bb6 Ra2 39. Nf1 Qa6 40. Bd4 Ra3
41. Ne3 Bb5 42. h4 Qb7 43. h5 Raa8 44. h6 g6 45. Ng4 Be7 46. Kh2 Qc6 47. Qe3
Kh8 48. Nf2 Rc7 49. Nxe4 Rac8 50. Bb6 Rb7 51. Bc5 Rbc7 52. Bxe7 Rxe7 53. Nf6
Qc7 54. Qd4 1-0

[Event "21. Copenhagen Open  (Politiken Cup)"]
[Site "Copenhagen"]
[Date "1999.07.08"]
[Round "6"]
[White "Moller, Arne"]
[Black "Hansen, Soren Asger"]
[Result "1-0"]
[WhiteElo "1865"]
[BlackElo "1683"]
[PlyCount "79"]
[EventDate "1999.07.03"]
[EventType "swiss"]
[EventRounds "11"]
[EventCountry "DEN"]
[SourceDate "2004.01.01"]

1. e4 e5 2. Nf3 Nc6 3. Bb5 a6 4. Ba4 Nf6 5. O-O Be7 6. Re1 b5 7. Bb3 d6 8. h3
O-O 9. c3 Nb8 10. d3 Nbd7 11. Be3 Bb7 12. Nbd2 c5 13. Bc2 Qc7 14. Qe2 d5 15.
Rac1 h6 16. Bb1 Rfe8 17. Nh2 dxe4 18. dxe4 Rac8 19. c4 Bc6 20. Bd3 Qb7 21. f3
b4 22. Ndf1 Qc7 23. Ng3 Nf8 24. Nf5 Ne6 25. g4 Bf8 26. Qf2 Rcd8 27. Bf1 Kh7 28.
h4 g6 29. Nxh6 Nxe4 30. fxe4 Bxh6 31. g5 Bf8 32. Ng4 Nd4 33. Bh3 Rb8 34. Rf1
Rb7 35. Nf6+ Kh8 36. h5 Bg7 37. hxg6 Bxf6 38. Qh4+ Kg8 39. Qh7+ Kf8 40. Rxf6
1-0

[Event "21. Copenhagen Open  (Politiken Cup)"]
[Site "Copenhagen"]
[Date "1999.07.08"]
[Round "6"]
[White "Nielsen, Borge Hjerrild"]
[Black "Howe, Dennis"]
[Result "0-1"]
[WhiteElo "2142"]
[BlackElo "1919"]
[PlyCount "58"]
[EventDate "1999.07.03"]
[EventType "swiss"]
[EventRounds "11"]
[EventCountry "DEN"]
[SourceDate "2004.01.01"]

1. d4 d5 2. c4 e6 3. Nc3 Nf6 4. Bg5 Be7 5. e3 c6 6. Nf3 Nbd7 7. Rc1 O-O 8. a3
Ne8 9. Bxe7 Qxe7 10. Bd3 dxc4 11. Bxc4 e5 12. O-O Nd6 13. Be2 e4 14. Nd2 Nb6
15. Qc2 f5 16. Qb3+ Be6 17. Qb4 Rad8 18. a4 Rf6 19. a5 Nbc8 20. Na4 Rh6 21. g3
g5 22. Nc5 Bd5 23. a6 b6 24. Nb7 Re8 25. Nxd6 Nxd6 26. Rfe1 f4 27. exf4 e3 28.
Nf3 exf2+ 29. Kxf2 Ne4+ 0-1

[Event "21. Copenhagen Open  (Politiken Cup)"]
[Site "Copenhagen"]
[Date "1999.07.08"]
[Round "6"]
[White "Nielsen, Nicholas Roland"]
[Black "Karlsen, Arne"]
[Result "1-0"]
[WhiteElo "1538"]
[BlackElo "2022"]
[PlyCount "105"]
[EventDate "1999.07.03"]
[EventType "swiss"]
[EventRounds "11"]
[EventCountry "DEN"]
[SourceDate "2004.01.01"]

1. e4 e5 2. Nc3 Nc6 3. f4 exf4 4. Nf3 Nf6 5. d4 Bb4 6. Bd3 d6 7. Bxf4 Bg4 8. d5
Ne5 9. O-O Nxf3+ 10. gxf3 Bh3 11. Re1 Bc5+ 12. Be3 Bxe3+ 13. Rxe3 Nh5 14. Kh1
Qg5 15. Re2 O-O-O 16. Qd2 Qe5 17. Qe3 b6 18. Rg1 Nf4 19. Rf2 g5 20. Bf1 Bd7 21.
a4 h5 22. a5 f6 23. axb6 axb6 24. Nb5 Kb7 25. Qc3 Qxc3 26. Nxc3 Ra8 27. Rd2 Ra1
28. Bb5 Rxg1+ 29. Kxg1 Bxb5 30. Nxb5 Ra8 31. Nd4 h4 32. Kf2 Ra1 33. Nf5 Rh1 34.
Ke3 h3 35. Nh6 Ng2+ 36. Kf2 Nf4 37. Ng4 Kc8 38. Kg3 Rg1+ 39. Kf2 Rg2+ 40. Ke3
Rg1 41. Nxf6 Kd8 42. Rf2 Ke7 43. Ng4 Kf7 44. Kd4 Kg6 45. b3 Kh5 46. Kc4 Re1 47.
Kb5 Ne2 48. Kc6 Nd4+ 49. Kxc7 Nxf3 50. Nf6+ Kh4 51. Rxf3 Re2 52. Rg3 Rxh2 53.
Rg4# 1-0

[Event "21. Copenhagen Open  (Politiken Cup)"]
[Site "Copenhagen"]
[Date "1999.07.08"]
[Round "6"]
[White "Nilsson, Nils Specht"]
[Black "Steindorsson, Sigurour P"]
[Result "0-1"]
[WhiteElo "2194"]
[BlackElo "2052"]
[PlyCount "68"]
[EventDate "1999.07.03"]
[EventType "swiss"]
[EventRounds "11"]
[EventCountry "DEN"]
[SourceDate "2004.01.01"]

1. e4 c5 2. Nf3 d6 3. d4 cxd4 4. Nxd4 Nf6 5. Nc3 a6 6. Bc4 e6 7. Bb3 b5 8. Qe2
Be7 9. a3 O-O 10. Bg5 h6 11. h4 Qa5 12. Rd1 Bb7 13. Kf1 b4 14. axb4 Qxb4 15.
Kg1 Nc6 16. Nxe6 fxe6 17. Bxe6+ Kh8 18. Nd5 Qxb2 19. Bc1 Qe5 20. Bf5 Nd4 21.
Rxd4 Nxd5 22. Bb2 Nf4 23. Qd2 d5 24. g4 Rad8 25. exd5 Ne2+ 26. Kf1 Nxd4 27.
Bxd4 Rxd5 28. c3 Bc5 29. f4 Qe7 30. Rh3 Bxd4 31. cxd4 Rfd8 32. Re3 Qxh4 33. Qb4
Rb5 34. Qd6 Rxf5 0-1

[Event "21. Copenhagen Open  (Politiken Cup)"]
[Site "Copenhagen"]
[Date "1999.07.08"]
[Round "6"]
[White "Naes, Flovin Tor"]
[Black "Jensen, Jannick"]
[Result "1-0"]
[WhiteElo "2222"]
[BlackElo "1967"]
[PlyCount "37"]
[EventDate "1999.07.03"]
[EventType "swiss"]
[EventRounds "11"]
[EventCountry "DEN"]
[SourceDate "2004.01.01"]

1. e4 c5 2. Nf3 d6 3. d4 cxd4 4. Qxd4 e5 5. Qd3 Nc6 6. c4 Bg4 7. Be2 Be7 8. h3
Be6 9. Nc3 Nf6 10. O-O O-O 11. Bg5 Ne8 12. Bxe7 Qxe7 13. Nd5 Qd8 14. Ne3 Ne7
15. Rfd1 b6 16. Nxe5 f5 17. exf5 Nxf5 18. Nxf5 Bxf5 19. Qd5+ 1-0

[Event "21. Copenhagen Open  (Politiken Cup)"]
[Site "Copenhagen"]
[Date "1999.07.08"]
[Round "6"]
[White "Olsen, Claus"]
[Black "Johansson, Thomas"]
[Result "1-0"]
[WhiteElo "2064"]
[BlackElo "2218"]
[PlyCount "91"]
[EventDate "1999.07.03"]
[EventType "swiss"]
[EventRounds "11"]
[EventCountry "DEN"]
[SourceDate "2004.01.01"]

1. e4 Nf6 2. e5 Nd5 3. d4 d6 4. c4 Nb6 5. exd6 cxd6 6. b3 g6 7. Bb2 Bg7 8. Bd3
Nc6 9. Ne2 O-O 10. O-O e5 11. d5 Nb4 12. Nbc3 Nxd3 13. Qxd3 Bf5 14. Qd2 Rc8 15.
Rad1 a6 16. Ng3 Nd7 17. Nxf5 gxf5 18. f4 e4 19. Ne2 Nc5 20. Bxg7 Kxg7 21. Ng3
Qd7 22. Qe2 Rg8 23. Qh5 Kf6 24. Qh4+ Kg7 25. Nh5+ Kf8 26. Nf6 Qd8 27. Qh6+ Ke7
28. Nxg8+ Qxg8 29. Qg5+ Qxg5 30. fxg5 Kf8 31. Rxf5 Re8 32. Kf2 b5 33. cxb5 e3+
34. Ke2 axb5 35. Rdf1 Re7 36. R1f3 b4 37. Rxe3 Ra7 38. Ref3 Rxa2+ 39. Kf1 Ra1+
40. Kf2 Ra7 41. R5f4 Rb7 42. h4 Kg7 43. Ke2 Re7+ 44. Re3 Rb7 45. Rf6 Rd7 46. h5
1-0

[Event "21. Copenhagen Open  (Politiken Cup)"]
[Site "Copenhagen"]
[Date "1999.07.08"]
[Round "6"]
[White "Palo, Davor"]
[Black "Hansen, Anders"]
[Result "0-1"]
[WhiteElo "2141"]
[BlackElo "1937"]
[PlyCount "124"]
[EventDate "1999.07.03"]
[EventType "swiss"]
[EventRounds "11"]
[EventCountry "DEN"]
[SourceDate "2004.01.01"]

1. d4 d5 2. c4 c6 3. Nf3 Nf6 4. Nc3 e6 5. cxd5 exd5 6. Bg5 Be7 7. e3 Nbd7 8.
Bd3 O-O 9. O-O Re8 10. Qc2 Nf8 11. Rab1 Bg4 12. Ne5 Bh5 13. b4 N6d7 14. Bxe7
Rxe7 15. Nxd7 Rxd7 16. b5 cxb5 17. Rxb5 a6 18. Rb3 Rc8 19. Qb2 Qg5 20. f4 Qe7
21. Qd2 Re8 22. Re1 Ne6 23. Rbb1 Rc8 24. Na4 Rcc7 25. Nb6 Rd8 26. Rb3 f6 27.
Qf2 Be8 28. Qf3 Nxd4 29. Qh3 g6 30. Rbb1 Nb5 31. Bxb5 Bxb5 32. Rbd1 Bc6 33. Rd4
Kg7 34. f5 g5 35. Red1 Qc5 36. Nc4 Re8 37. Nd2 Rce7 38. Nf1 Re5 39. Qf3 Qc2 40.
R1d3 Qxa2 41. h4 Bb5 42. hxg5 Bxd3 43. gxf6+ Kxf6 44. Rxd3 Rg8 45. Qh3 Rxf5 46.
Qh6+ Rg6 47. Qf8+ Kg5 48. Qe7+ Kh6 49. Qh4+ Kg7 50. Qe7+ Rf7 51. Qe5+ Rff6 52.
Rd2 Qc4 53. Rf2 Qe4 54. Qc7+ Kh6 55. Qh2+ Kg7 56. Qc7+ Kh6 57. Qh2+ Kg5 58.
Qg3+ Qg4 59. Qe5+ Kh6 60. Qxd5 Rxf2 61. Kxf2 Rf6+ 62. Kg1 Qf5 0-1

[Event "21. Copenhagen Open  (Politiken Cup)"]
[Site "Copenhagen"]
[Date "1999.07.08"]
[Round "6"]
[White "Pedersen, Bent O"]
[Black "Hoff, Terje"]
[Result "1-0"]
[WhiteElo "1702"]
[BlackElo "2040"]
[PlyCount "81"]
[EventDate "1999.07.03"]
[EventType "swiss"]
[EventRounds "11"]
[EventCountry "DEN"]
[SourceDate "2004.01.01"]

1. e4 g6 2. d4 Bg7 3. Nc3 d6 4. f4 c6 5. Nf3 Qb6 6. h3 Nd7 7. Bc4 e5 8. fxe5
dxe5 9. Ng5 Nh6 10. Rf1 exd4 11. Nxf7 dxc3 12. Bxh6 Bxh6 13. Qd3 Qxb2 14. Ke2
Qb4 15. Rab1 Qc5 16. Nd6+ Kd8 17. Rf7 Qe3+ 18. Qxe3 Bxe3 19. Kxe3 Ne5 20. Rd1
Bd7 21. Rg7 b5 22. Nf7+ Nxf7 23. Bxf7 Kc8 24. Bxg6 Be6 25. Bxh7 Re8 26. Rd6 Bd5
27. Bf5+ Kb8 28. Rdd7 c5 29. Rxd5 a5 30. Rdd7 Ra6 31. Rb7+ Ka8 32. Rxb5 Rf6 33.
g4 Rd6 34. Rxa5+ Kb8 35. Rxc5 Rd1 36. Rxc3 Re1+ 37. Kf2 R1xe4 38. Bxe4 Rf8+ 39.
Ke3 Rf3+ 40. Kd4 Rf8 41. Rb3+ 1-0

[Event "21. Copenhagen Open  (Politiken Cup)"]
[Site "Copenhagen"]
[Date "1999.07.08"]
[Round "6"]
[White "Pedersen, Kaj Vinding"]
[Black "Dalso, Harry"]
[Result "1/2-1/2"]
[WhiteElo "1497"]
[BlackElo "1731"]
[PlyCount "50"]
[EventDate "1999.07.03"]
[EventType "swiss"]
[EventRounds "11"]
[EventCountry "DEN"]
[SourceDate "2004.01.01"]

1. d4 Nf6 2. Nf3 e6 3. Bf4 d5 4. e3 c5 5. c3 Nc6 6. Be2 Bd6 7. Bg3 Ne4 8. Nbd2
f5 9. dxc5 Nxc5 10. Nb3 Ne4 11. O-O Bxg3 12. hxg3 Qf6 13. Nbd4 Bd7 14. Nxc6
Bxc6 15. Qd4 Qe7 16. Ne5 O-O 17. Rad1 Rfd8 18. g4 Nd6 19. g3 Bb5 20. Bxb5 Nxb5
21. Qd3 Nd6 22. Qd4 a6 23. Kg2 Qf6 24. f4 fxg4 25. Nxg4 Qxd4 1/2-1/2

[Event "21. Copenhagen Open  (Politiken Cup)"]
[Site "Copenhagen"]
[Date "1999.07.08"]
[Round "6"]
[White "Petersen, Lars"]
[Black "Petersen, Steffen"]
[Result "1/2-1/2"]
[WhiteElo "2096"]
[BlackElo "1875"]
[PlyCount "92"]
[EventDate "1999.07.03"]
[EventType "swiss"]
[EventRounds "11"]
[EventCountry "DEN"]
[SourceDate "2004.01.01"]

1. d4 d5 2. Nf3 Nf6 3. Bf4 e6 4. e3 Be7 5. h3 O-O 6. Nbd2 Nbd7 7. Bd3 Re8 8.
O-O Nf8 9. Ne5 N6d7 10. Ndf3 Nxe5 11. Nxe5 f6 12. Nf3 Bd6 13. Bxd6 Qxd6 14. e4
dxe4 15. Bxe4 Bd7 16. c4 Bc6 17. Qd3 Rad8 18. Rad1 b6 19. Rfe1 a5 20. Re2 Bxe4
21. Qxe4 c5 22. Red2 cxd4 23. Rxd4 Qc7 24. Qd3 Rc8 25. b3 e5 26. Rd6 a4 27.
Qd5+ Kh8 28. Qb5 axb3 29. axb3 Re6 30. Qd5 Ree8 31. Nh4 e4 32. Nf5 Re5 33. Qd4
Rxf5 34. Rxb6 Re5 35. b4 h6 36. c5 e3 37. fxe3 Rg5 38. Rd6 Qb7 39. Rd2 Ng6 40.
Rd7 Qb5 41. h4 Rf5 42. Qg4 Rf1+ 43. Kh2 Rg8 44. Qxg6 Qxb4 45. Qh5 Rc1 46. R2d4
Qxc5 1/2-1/2

[Event "21. Copenhagen Open  (Politiken Cup)"]
[Site "Copenhagen"]
[Date "1999.07.08"]
[Round "6"]
[White "Petersen, Nils"]
[Black "Skare, Karl Andre"]
[Result "0-1"]
[WhiteElo "2067"]
[BlackElo "2164"]
[PlyCount "84"]
[EventDate "1999.07.03"]
[EventType "swiss"]
[EventRounds "11"]
[EventCountry "DEN"]
[SourceDate "2004.01.01"]

1. c4 c5 2. Nc3 Nc6 3. e4 g6 4. Nf3 Bg7 5. d3 Nf6 6. Be2 d6 7. h3 O-O 8. Be3
Rb8 9. O-O a6 10. a4 Qc7 11. d4 cxd4 12. Nxd4 Bd7 13. Rb1 Rfc8 14. Qd2 Nxd4 15.
Bxd4 Bc6 16. Qe3 Nd7 17. Bxg7 Kxg7 18. Bg4 Re8 19. Bxd7 Bxd7 20. Qd4+ Kg8 21.
Nd5 Qc5 22. Qxc5 dxc5 23. Nb6 Bc6 24. f3 Rbd8 25. Rfd1 e6 26. Kf2 a5 27. Ke2
Kf8 28. Rxd8 Rxd8 29. Rd1 Rxd1 30. Kxd1 Ke7 31. Kd2 Kd8 32. b3 Be8 33. e5 Kc7
34. Na8+ Kc6 35. g4 g5 36. Ke3 b6 37. f4 h6 38. fxg5 hxg5 39. h4 gxh4 40. g5
Kb7 41. Nxb6 Kxb6 42. Kf4 Kc7 0-1

[Event "21. Copenhagen Open  (Politiken Cup)"]
[Site "Copenhagen"]
[Date "1999.07.08"]
[Round "6"]
[White "Petersen, Peter Birk"]
[Black "Nuoristo, Peter"]
[Result "1/2-1/2"]
[WhiteElo "2205"]
[BlackElo "2266"]
[PlyCount "44"]
[EventDate "1999.07.03"]
[EventType "swiss"]
[EventRounds "11"]
[EventCountry "DEN"]
[SourceDate "2004.01.01"]

1. e4 e5 2. Nf3 Nc6 3. Bb5 Nge7 4. O-O d6 5. c3 Ng6 6. d4 Bd7 7. Re1 Be7 8.
Nbd2 O-O 9. Nf1 Nh4 10. Nxh4 Bxh4 11. Be3 a6 12. Ba4 b5 13. Bc2 Be7 14. Qe2 Na5
15. Rad1 c5 16. dxe5 dxe5 17. Bc1 Nc4 18. Qd3 Bg4 19. f3 Be6 20. Qe2 Qc7 21. a4
Qa5 22. axb5 axb5 1/2-1/2